| 000 | 01151 a2200289 4500 | ||
|---|---|---|---|
| 005 | 20081013150556.0 | ||
| 008 | 081013t xxu||||| |||| 00| 0 eng d | ||
| 010 | _aENG-91888 | ||
| 020 |
_c1100.00 _a9788171772117 |
||
| 035 | _aEN-75421 | ||
| 037 | _bDBAD / PUB | ||
| 040 |
_adpl _bEnglish |
||
| 082 | _a347.54014092 | ||
| 100 | _aChoudhury, Ram Kishore | ||
| 245 |
_aJudicial reflections of justice Bhagwati / _cby Ram Kishore Choudhury [and] Tapash Gan Choudhury; foreword by Lord Woolf; Michael kirby |
||
| 260 |
_aKolkata _bEastern Law House _c2008 |
||
| 270 |
_a54 Ganesh Chunder Avenue _bKolkata _e700013 |
||
| 300 |
_axlvi, 406p. _c25 cm (Hb.) |
||
| 500 | _aIncludes index | ||
| 600 | _aBhagwati, P.N. (Prafulla Chandra Natwarlal), 1921- | ||
| 650 |
_aLaw _zIndia _vCases. |
||
| 650 |
_aJudicial opinions _zIndia |
||
| 650 |
_aJudges _zIndia |
||
| 700 | _aChoudhury, Tapash Gan | ||
| 942 |
_adpl _cEN _2ddc _mCHO _h347.54014092 |
||
| 999 |
_c19254 _d19254 |
||